JR西日本新快速の定期の停車駅 - Statistics

General Stats
  • This quiz has been taken 74 times
  • The average score is 45 of 64
Answer Stats
路線名 停車駅名 % Correct
琵琶湖線 京都
97%
湖西線 京都
97%
京都線 京都
97%
京都線 新大阪
97%
京都線 大阪
95%
神戸線 大阪
95%
京都線 高槻
94%
神戸線 神戸
94%
山陽本線 神戸
94%
北陸本線 米原
92%
琵琶湖線 米原
92%
神戸線 三ノ宮
92%
山陽本線 明石
92%
北陸本線 敦賀
91%
神戸線 尼崎
91%
山陽本線 西明石
91%
山陽本線 姫路
91%
琵琶湖線 山科
89%
湖西線 山科
89%
赤穂線 播州赤穂
89%
琵琶湖線 大津
86%
北陸本線 近江塩津
85%
湖西線 近江塩津
85%
神戸線 芦屋
85%
琵琶湖線 草津
83%
北陸本線 長浜
82%
山陽本線 加古川
82%
琵琶湖線 近江八幡
80%
山陽本線 相生
78%
赤穂線 相生
78%
琵琶湖線 彦根
75%
琵琶湖線 野洲
75%
琵琶湖線 南草津
75%
湖西線 近江今津
72%
北陸本線 新疋田
71%
琵琶湖線 石山
68%
湖西線 大津京
68%
山陽本線 上郡
68%
山陽本線 網干
66%
湖西線 マキノ
65%
湖西線 近江舞子
65%
琵琶湖線 守山
63%
湖西線 堅田
60%
北陸本線 虎姫
58%
琵琶湖線 能登川
58%
北陸本線 高月
55%
湖西線 近江高島
52%
北陸本線 余呉
51%
北陸本線 木ノ本
51%
湖西線 永原
51%
湖西線 比叡山坂本
51%
山陽本線 英賀保
51%
北陸本線 田村
48%
北陸本線 坂田
46%
湖西線 近江中庄
45%
湖西線 安曇川
45%
山陽本線 有年
43%
赤穂線 西相生
42%
赤穂線 坂越
40%
北陸本線 河毛
38%
湖西線 新旭
37%
湖西線 北小松
35%
山陽本線 龍野
35%
山陽本線 はりま勝浦
6%
No matching quizzes found
Score Distribution
Percent of People with Each Score
Percentile by Number Answered
Your Score History
You have not taken this quiz